000 00212nam a2200097Ia 4500
005 20251222114409.0
008 251222s1900||||xx |||||||||||||| ||spa||
082 _aDVD0097/C64/1999
245 0 _aQuidam:
942 _cDVD
999 _c1959
_d1959